[Event "Liberec Open 2022 - A FIDE Open"]
[Site "Clarion Grandhotel Zlaty Lev, Liberec"]
[Date "2022.02.05"]
[Round "1"]
[Board "1"]
[White "Zitek, Jiri"]
[Black "Dobrowolski, Piotr"]
[Result "0-1"]
[WhiteElo "1625"]
[BlackElo "2397"]
[PlyCount "77"]
[EventDate "2022.02.05"]
[EventRounds "9"]
[EventCountry "CZE"]

1. e4 c5 2. Nf3 Nc6 3. Nc3 d6 4. d4 cxd4 5. Nxd4 Nf6 6. g3 e5 7. Nb3 a5 8. a4
Bg4 9. f3 Be6 10. Nd5 Be7 11. Be3 Bxd5 12. exd5 Nb4 13. Bb5+ Kf8 14. c4 h5 15.
O-O g6 16. Bd2 h4 17. g4 h3 18. Bxb4 axb4 19. a5 Kg7 20. Qe1 e4 21. g5 Nh5 22.
fxe4 Bxg5 23. e5 Bf4 24. Qf2 Qg5+ 25. Kh1 Qg2+ 26. Qxg2 hxg2+ 27. Kxg2 Bxe5 28.
Rf2 Nf4+ 29. Kh1 Rh3 30. Nd2 Nd3 31. Re2 Rah8 32. Nf1 Bxb2 33. Rd1 Be5 34. Rxe5
Nxe5 35. c5 dxc5 36. d6 b3 37. d7 b2 38. Kg2 Rb3 39. Rb1  0-1

[Event "Liberec Open 2022 - A FIDE Open"]
[Site "Clarion Grandhotel Zlaty Lev, Liberec"]
[Date "2022.02.05"]
[Round "1"]
[Board "2"]
[White "Simek, Petr"]
[Black "Jina, Lubos"]
[Result "1-0"]
[WhiteElo "2330"]
[BlackElo "1615"]
[PlyCount "99"]
[EventDate "2022.02.05"]
[EventRounds "9"]
[EventCountry "CZE"]

1. d4 d5 2. c4 e6 3. Nf3 Nf6 4. g3 c6 5. Bg2 Bd6 6. O-O O-O 7. Nfd2 dxc4 8.
Nxc4 Bc7 9. Nc3 Nbd7 10. e4 Nb6 11. Ne3 Qe7 12. Qc2 Rd8 13. Rd1 Bd7 14. a4 a6
15. b3 Ne8 16. a5 Nc8 17. e5 f6 18. f4 Qf7 19. Ne4 Ne7 20. Nc5 Bc8 21. Bb2 Nd5
22. Nc4 Rb8 23. Qf2 Nb4 24. Rd2 Nd5 25. Kh1 Kh8 26. Re2 Kg8 27. h3 Kh8 28. Rf1
Kg8 29. g4 h6 30. f5 exf5 31. gxf5 Qe7 32. Rfe1 fxe5 33. dxe5 Qf8 34. e6 Ne7
35. Rf1 Nf6 36. Ne5 Bxe5 37. Bxe5 Ra8 38. Bc7 Re8 39. Bd6 Rd8 40. Bc7 Re8 41.
Qg3 Nfd5 42. Be5 Nf6 43. Bxf6 Qxf6 44. Ne4 Qf8 45. f6 Bxe6 46. fxe7 Qxe7 47.
Nf6+ Kh8 48. Nxe8 Rxe8 49. Qg6 Qd7 50. Rfe1  1-0

[Event "Liberec Open 2022 - A FIDE Open"]
[Site "Clarion Grandhotel Zlaty Lev, Liberec"]
[Date "2022.02.05"]
[Round "1"]
[Board "3"]
[White "Suliga, Eckhard"]
[Black "Schulz, Michael"]
[Result "0-1"]
[WhiteElo "1608"]
[BlackElo "2247"]
[PlyCount "20"]
[EventDate "2022.02.05"]
[EventRounds "9"]
[EventCountry "CZE"]

1. e4 g6 2. d4 Bg7 3. Nc3 c5 4. Be3 cxd4 5. Bxd4 Nf6 6. Nd5 O-O 7. Nxf6+ Bxf6
8. Nf3 Re8 9. Bd3 d5 10. Bb5 Qa5+  0-1

[Event "Liberec Open 2022 - A FIDE Open"]
[Site "Clarion Grandhotel Zlaty Lev, Liberec"]
[Date "2022.02.05"]
[Round "1"]
[Board "4"]
[White "Nemec, Pavel"]
[Black "Fridland, Manfred"]
[Result "1-0"]
[WhiteElo "2223"]
[BlackElo "1603"]
[PlyCount "97"]
[EventDate "2022.02.05"]
[EventRounds "9"]
[EventCountry "CZE"]

1. e4 c5 2. Nc3 d6 3. g3 Nf6 4. Bg2 e6 5. Nge2 Nc6 6. O-O Be7 7. d4 cxd4 8.
Nxd4 a6 9. Nxc6 bxc6 10. e5 Nd5 11. exd6 Qxd6 12. Ne4 Qc7 13. c4 Nf6 14. Nxf6+
Bxf6 15. Qa4 Bb7 16. Bf4 e5 17. Bd2 a5 18. Qa3 Be7 19. Qe3 O-O 20. Bc3 f6 21.
Rfd1 Bb4 22. Bxb4 axb4 23. c5 Rfd8 24. Qb3+ Kh8 25. Qxb4 Rd7 26. Bh3 Rd5 27.
Be6 Rdd8 28. a3 Bc8 29. Rxd8+ Qxd8 30. Bxc8 Rxc8 31. Qc3 Rb8 32. b4 Qd5 33. Qc2
Rd8 34. a4 Kg8 35. b5 cxb5 36. axb5 Rc8 37. Rc1 Kf7 38. b6 Qc6 39. Qxh7 Rd8 40.
Qc2 Rd7 41. Qc4+ Kf8 42. Rb1 e4 43. Re1 f5 44. h4 g6 45. Qc3 Kg8 46. Ra1 f4 47.
gxf4 Rd3 48. Qe5 Qc8 49. Qxe4  1-0

[Event "Liberec Open 2022 - A FIDE Open"]
[Site "Clarion Grandhotel Zlaty Lev, Liberec"]
[Date "2022.02.05"]
[Round "1"]
[Board "5"]
[White "Simon, Petr"]
[Black "Lajbl, Jan"]
[Result "0-1"]
[WhiteElo "1598"]
[BlackElo "2218"]
[PlyCount "66"]
[EventDate "2022.02.05"]
[EventRounds "9"]
[EventCountry "CZE"]

1. Nf3 d5 2. g3 Nc6 3. d4 Bf5 4. Bg2 Qd7 5. O-O Bh3 6. Re1 Bxg2 7. Kxg2 O-O-O
8. Nc3 Nf6 9. e4 dxe4 10. Nxe4 Nxe4 11. Rxe4 Qd5 12. Qe2 f5 13. Re3 Nxd4 14.
Qd3 Nxf3 15. Rxf3 Qxd3 16. cxd3 g6 17. Bd2 Bg7 18. Bc3 Bxc3 19. bxc3 Rd5 20. d4
e5 21. dxe5 Rxe5 22. Re3 Rxe3 23. fxe3 Rd8 24. Kf3 Rd2 25. h4 Kd7 26. Kf4 h6
27. e4 fxe4 28. Kxe4 Rc2 29. Rf1 Ke7 30. h5 gxh5 31. Rf5 Rxc3 32. Kf4 Rc4+ 33.
Kf3 h4  0-1

[Event "Liberec Open 2022 - A FIDE Open"]
[Site "Clarion Grandhotel Zlaty Lev, Liberec"]
[Date "2022.02.05"]
[Round "1"]
[Board "6"]
[White "Pierecker, Markus"]
[Black "Sichrovsky, Tomas"]
[Result "1/2-1/2"]
[WhiteElo "2200"]
[BlackElo "1596"]
[PlyCount "49"]
[EventDate "2022.02.05"]
[EventRounds "9"]
[EventCountry "CZE"]

1. e4 c6 2. d4 d5 3. exd5 cxd5 4. Bd3 Nc6 5. c3 Nf6 6. Bf4 g6 7. Qc2 Bg7 8. Nd2
O-O 9. Ngf3 Bd7 10. O-O Qc8 11. Nb3 Bf5 12. Bxf5 Qxf5 13. Qxf5 gxf5 14. Nc5 b6
15. Nd3 Ne4 16. Nh4 e6 17. f3 Nf6 18. g3 Nd7 19. Rae1 a5 20. a4 Rfc8 21. Bd6
Na7 22. Re2 b5 23. g4 fxg4 24. fxg4 Rc6 25. Be7  1/2-1/2

[Event "Liberec Open 2022 - A FIDE Open"]
[Site "Clarion Grandhotel Zlaty Lev, Liberec"]
[Date "2022.02.05"]
[Round "1"]
[Board "7"]
[White "Spreer, Lutz"]
[Black "Pourquet, Matthieu"]
[Result "0-1"]
[WhiteElo "1596"]
[BlackElo "2197"]
[PlyCount "108"]
[EventDate "2022.02.05"]
[EventRounds "9"]
[EventCountry "CZE"]

1. e4 d5 2. Nf3 dxe4 3. Ng5 Nf6 4. d3 Bg4 5. Qd2 Nc6 6. Nc3 e5 7. dxe4 h6 8.
Nf3 Bxf3 9. gxf3 Nd4 10. Be2 c6 11. Qd3 Nd7 12. Be3 Nc5 13. Qd2 Nce6 14. O-O-O
Bb4 15. Rhe1 Qa5 16. Kb1 O-O-O 17. Qc1 Bxc3 18. bxc3 Nxe2 19. Rxe2 Qb5+ 20. Ka1
Qxe2 21. Re1 Qxf3 22. Qa3 Rd1+ 23. Rxd1 Qxd1+ 24. Kb2 a6 25. Qe7 Qd7 26. Qb4 c5
27. Qa3 Qb5+ 28. Ka1 Rd8 29. c4 Qxc4 30. Qa5 Qf1+ 31. Kb2 Qb5+ 32. Qxb5 axb5
33. Kb3 Kc7 34. a4 bxa4+ 35. Kxa4 Kc6 36. Kb3 Rd1 37. Kc4 Rh1 38. c3 Rxh2 39.
Kd3 Nf4+ 40. Kc4 b5+ 41. Kb3 h5 42. f3 Rh3 43. Bf2 Rxf3 44. Be1 b4 45. Kc4
Rxc3+ 46. Bxc3 bxc3 47. Kxc3 h4 48. Kb3 h3 49. Kb2 h2 50. Kc3 h1=Q 51. Kd2 Qf3
52. Kc2 Qd3+ 53. Kc1 Qe2 54. Kb1 Nd3  0-1

[Event "Liberec Open 2022 - A FIDE Open"]
[Site "Clarion Grandhotel Zlaty Lev, Liberec"]
[Date "2022.02.05"]
[Round "1"]
[Board "8"]
[White "Adrian, Claude"]
[Black "Svec, Ludek"]
[Result "1-0"]
[WhiteElo "2186"]
[BlackElo "1595"]
[PlyCount "50"]
[EventDate "2022.02.05"]
[EventRounds "9"]
[EventCountry "CZE"]

1. Nf3 Nf6 2. c4 e6 3. g3 c5 4. Bg2 d5 5. O-O Be7 6. cxd5 exd5 7. d4 O-O 8. Be3
Be6 9. dxc5 Na6 10. c6 bxc6 11. Qa4 Nc5 12. Qc2 Nce4 13. Nbd2 c5 14. Rfd1 Rc8
15. Ng5 Nxg5 16. Bxg5 Qb6 17. e4 Qb7 18. Re1 Bd8 19. Rad1 h6 20. Bf4 Ne8 21.
exd5 Bxd5 22. Ne4 Bxe4 23. Bxe4 Qb6 24. Bf5 Ra8 25. Qe4 Nc7  1-0

[Event "Liberec Open 2022 - A FIDE Open"]
[Site "Clarion Grandhotel Zlaty Lev, Liberec"]
[Date "2022.02.05"]
[Round "1"]
[Board "9"]
[White "Jankovsky, Zbynek"]
[Black "Soural, Jan"]
[Result "0-1"]
[WhiteElo "1594"]
[BlackElo "2176"]
[PlyCount "24"]
[EventDate "2022.02.05"]
[EventRounds "9"]
[EventCountry "CZE"]

1. e4 c5 2. Bc4 e6 3. Nc3 Nc6 4. Nf3 a6 5. a3 Nf6 6. e5 Ng4 7. Qe2 Qc7 8. d3
Ngxe5 9. Nxe5 Qxe5 10. Ne4 Nd4 11. f4 Qc7 12. Nc3 Nxe2  0-1

[Event "Liberec Open 2022 - A FIDE Open"]
[Site "Clarion Grandhotel Zlaty Lev, Liberec"]
[Date "2022.02.05"]
[Round "1"]
[Board "10"]
[White "Frick, Christoph"]
[Black "Svoboda, Frantisek"]
[Result "1-0"]
[WhiteElo "2151"]
[BlackElo "1592"]
[PlyCount "45"]
[EventDate "2022.02.05"]
[EventRounds "9"]
[EventCountry "CZE"]

1. d4 d6 2. e4 Nf6 3. Nc3 Nbd7 4. Nf3 e6 5. e5 Nd5 6. Ne4 Be7 7. c4 Nb4 8. a3
Nc6 9. exd6 cxd6 10. Bd3 Qa5+ 11. Bd2 Qb6 12. Bc3 O-O 13. O-O Nf6 14. Ng3 Bd7
15. Re1 Rac8 16. b4 Qd8 17. Qd2 b6 18. Rad1 Re8 19. Bb2 Bf8 20. Qf4 Qc7 21. Qh4
Ne7 22. Nh5 Nxh5 23. Bxh7+  1-0

[Event "Liberec Open 2022 - A FIDE Open"]
[Site "Clarion Grandhotel Zlaty Lev, Liberec"]
[Date "2022.02.05"]
[Round "1"]
[Board "12"]
[White "Cakl, Zdenek"]
[Black "Mrazek, Adam"]
[Result "1-0"]
[WhiteElo "2118"]
[BlackElo "1582"]
[PlyCount "69"]
[EventDate "2022.02.05"]
[EventRounds "9"]
[EventCountry "CZE"]

1. Nf3 Nf6 2. b3 g6 3. Bb2 Bg7 4. g3 d6 5. d4 O-O 6. Bg2 Nbd7 7. O-O Re8 8.
Nbd2 Nh5 9. c4 e5 10. dxe5 Nxe5 11. Qc2 Nxf3+ 12. Bxf3 Bf5 13. e4 Bh3 14. Rfe1
Bxb2 15. Qxb2 Qf6 16. Qc2 Re7 17. Bh1 Rae8 18. Nf1 Ng7 19. Ne3 c6 20. Rad1 Qe5
21. b4 h5 22. Qd2 Rd7 23. a4 h4 24. f4 Qf6 25. Qd4 Qxd4 26. Rxd4 hxg3 27. hxg3
Rdd8 28. Red1 Ne6 29. Rxd6 Rxd6 30. Rxd6 Rd8 31. Rxd8+ Nxd8 32. g4 f5 33. exf5
gxf5 34. gxf5 Nf7 35. Kh2  1-0

[Event "Liberec Open 2022 - A FIDE Open"]
[Site "Clarion Grandhotel Zlaty Lev, Liberec"]
[Date "2022.02.05"]
[Round "1"]
[Board "15"]
[White "Jilek, Marcel"]
[Black "Harish, Neeraj"]
[Result "0-1"]
[WhiteElo "1567"]
[BlackElo "2091"]
[PlyCount "66"]
[EventDate "2022.02.05"]
[EventRounds "9"]
[EventCountry "CZE"]

1. e4 c5 2. Nf3 Nc6 3. d4 cxd4 4. Nxd4 Nf6 5. Nc3 e5 6. Nf3 Bb4 7. Bd2 Bxc3 8.
Bxc3 Nxe4 9. Qd3 Nxc3 10. Qxc3 O-O 11. O-O-O d5 12. Bb5 d4 13. Qc5 Qa5 14. Qc4
Be6 15. Qa4 Qxa4 16. Bxa4 f6 17. h3 Rfc8 18. Rhe1 Bf7 19. Nd2 Nb4 20. Ne4 Nxa2+
21. Kb1 Nb4 22. Nd6 Rc7 23. Nxf7 Kxf7 24. Bb3+ Kg6 25. Re4 h6 26. c3 Nc6 27.
cxd4 Nxd4 28. Rd3 Nxb3 29. Rxb3 Rd8 30. Reb4 b6 31. Rg3+ Kh7 32. Rbb3 Rd1+ 33.
Ka2 Rd2  0-1

[Event "Liberec Open 2022 - A FIDE Open"]
[Site "Clarion Grandhotel Zlaty Lev, Liberec"]
[Date "2022.02.05"]
[Round "1"]
[Board "27"]
[White "Vetter, Udo"]
[Black "Malinovsky, Petr"]
[Result "1/2-1/2"]
[WhiteElo "1428"]
[BlackElo "1965"]
[PlyCount "77"]
[EventDate "2022.02.05"]
[EventRounds "9"]
[EventCountry "CZE"]

1. c4 e6 2. d4 d5 3. Nc3 c6 4. cxd5 exd5 5. Nf3 Bf5 6. Bf4 Bd6 7. Bxd6 Qxd6 8.
e3 Nd7 9. Be2 h6 10. Qd2 Ngf6 11. h3 Ne4 12. Nxe4 dxe4 13. Nh2 Nf6 14. Bc4 O-O
15. O-O Be6 16. Rac1 Rfd8 17. Rfd1 Rac8 18. Bxe6 Qxe6 19. b4 Rd5 20. Rc5 Rcd8
21. Rdc1 Nd7 22. Rxd5 Qxd5 23. Qc2 f5 24. Qc4 Qxc4 25. Rxc4 Kf7 26. Nf1 Ke6 27.
Nd2 Kd5 28. a4 a6 29. a5 Rb8 30. Rc1 b6 31. Nb3 g6 32. g3 bxa5 33. Nxa5 Rxb4
34. Nxc6 Rb5 35. Ne7+ Kd6 36. Nxg6 a5 37. Nf4 a4 38. Ra1 Ra5 39. Ne2  1/2-1/2

[Event "Liberec Open 2022 - A FIDE Open"]
[Site "Clarion Grandhotel Zlaty Lev, Liberec"]
[Date "2022.02.05"]
[Round "1"]
[Board "28"]
[White "Vodicka, Pavel"]
[Black "Mueller, Cosima"]
[Result "1-0"]
[WhiteElo "1938"]
[BlackElo "1375"]
[PlyCount "67"]
[EventDate "2022.02.05"]
[EventRounds "9"]
[EventCountry "CZE"]

1. d4 Nf6 2. Nf3 g6 3. g3 Bg7 4. Bg2 O-O 5. O-O Nc6 6. d5 Nb4 7. c4 c6 8. a3
Na6 9. Nc3 Nc7 10. e4 b6 11. e5 Ng4 12. Re1 Ba6 13. h3 Nh6 14. Qb3 cxd5 15.
cxd5 d6 16. exd6 Qxd6 17. Bf4 Qc5 18. Rad1 Bc4 19. Qb4 Qxb4 20. axb4 Rac8 21.
Rxe7 Nb5 22. Nxb5 Bxb5 23. Rxa7 Nf5 24. g4 Be2 25. Rd2 Bxf3 26. Bxf3 Nh4 27.
Bd1 Rc1 28. Kh2 Rc4 29. Kg3 g5 30. Bxg5 Ng6 31. d6 Be5+ 32. Kf3 f6 33. Be3 Nf4
34. Bb3  1-0

[Event "Liberec Open 2022 - A FIDE Open"]
[Site "Clarion Grandhotel Zlaty Lev, Liberec"]
[Date "2022.02.05"]
[Round "1"]
[Board "31"]
[White "Bara, Jan"]
[Black "Czarniecka, Aleksandra"]
[Result "1-0"]
[WhiteElo "1360"]
[BlackElo "1931"]
[PlyCount "65"]
[EventDate "2022.02.05"]
[EventRounds "9"]
[EventCountry "CZE"]

1. d4 d5 2. c4 dxc4 3. e4 e5 4. Nf3 Bb4+ 5. Nc3 Nf6 6. Bg5 exd4 7. Nxd4 O-O 8.
Bxc4 c5 9. Ndb5 Nbd7 10. O-O a6 11. Nd6 Ne5 12. Bb3 h6 13. f4 Ned7 14. e5 hxg5
15. exf6 Nxf6 16. fxg5 Bg4 17. Qd3 c4 18. Qxc4 Qxd6 19. gxf6 Qc5+ 20. Qxc5
Bxc5+ 21. Kh1 Rad8 22. h3 Bd7 23. Nd5 Bb5 24. Ne7+ Kh8 25. Rf5 Be3 26. Rh5+ Bh6
27. Nf5 Kg8 28. fxg7 Bxg7 29. Rg5 Rd2 30. Rxg7+ Kh8 31. Rd1 Rf2 32. Rg5 Rf4 33.
Rd6  1-0

[Event "Liberec Open 2022 - A FIDE Open"]
[Site "Clarion Grandhotel Zlaty Lev, Liberec"]
[Date "2022.02.06"]
[Round "2"]
[Board "1"]
[White "Dobrowolski, Piotr"]
[Black "Peglau, Dora"]
[Result "1-0"]
[WhiteElo "2397"]
[BlackElo "1913"]
[PlyCount "63"]
[EventDate "2022.02.05"]
[EventRounds "9"]
[EventCountry "CZE"]

1. d4 Nf6 2. c4 e6 3. g3 d5 4. Nf3 Be7 5. Bg2 O-O 6. O-O c6 7. Nc3 Nbd7 8. Nd2
b6 9. e4 dxe4 10. Ndxe4 Bb7 11. Bf4 Nxe4 12. Nxe4 Nf6 13. Qe2 Nxe4 14. Qxe4 Bd6
15. Rad1 Rc8 16. Be5 Qc7 17. b4 Ba6 18. Qe2 Rfd8 19. a4 c5 20. Bxd6 Rxd6 21. b5
Bb7 22. Bxb7 Qxb7 23. dxc5 Rxd1 24. Rxd1 bxc5 25. Qd3 Qc7 26. Qd7 Kf8 27. a5
Qb8 28. b6 axb6 29. axb6 g6 30. b7 Re8 31. Rb1 h5 32. h4  1-0

[Event "Liberec Open 2022 - A FIDE Open"]
[Site "Clarion Grandhotel Zlaty Lev, Liberec"]
[Date "2022.02.06"]
[Round "2"]
[Board "2"]
[White "Raeke, Philipp"]
[Black "Simek, Petr"]
[Result "0-1"]
[WhiteElo "1908"]
[BlackElo "2330"]
[PlyCount "82"]
[EventDate "2022.02.05"]
[EventRounds "9"]
[EventCountry "CZE"]

1. e4 c6 2. d4 d5 3. e5 Bf5 4. Ne2 e6 5. Ng3 Ne7 6. h4 c5 7. dxc5 Nbc6 8. c3
Bxb1 9. Rxb1 Nxe5 10. Bb5+ N7c6 11. Qe2 Nd7 12. b4 Be7 13. Nh5 Rg8 14. Nf4 Kf8
15. Ba4 a6 16. g3 Bf6 17. Bd2 g6 18. Nd3 h5 19. Kf1 Rh8 20. Re1 Kg7 21. Bc2 Ne7
22. Nf4 e5 23. Nh3 Qc7 24. Bg5 Rae8 25. Bxf6+ Kxf6 26. Qf3+ Kg7 27. Ng5 Nf6 28.
c4 d4 29. Be4 Nc6 30. a3 Nxe4 31. Nxe4 f5 32. Nd6 Re7 33. b5 e4 34. Qd1 Ne5 35.
Qxd4 Kh7 36. Rb1 axb5 37. Rxb5 Rd8 38. Kg2 Nf7 39. Rd1 Red7 40. Rb6 Qxb6 41.
cxb6 Rxd6  0-1

[Event "Liberec Open 2022 - A FIDE Open"]
[Site "Clarion Grandhotel Zlaty Lev, Liberec"]
[Date "2022.02.06"]
[Round "2"]
[Board "3"]
[White "Schulz, Michael"]
[Black "Vrzal, Filip"]
[Result "1-0"]
[WhiteElo "2247"]
[BlackElo "1877"]
[PlyCount "106"]
[EventDate "2022.02.05"]
[EventRounds "9"]
[EventCountry "CZE"]

1. d4 d5 2. Bg5 h6 3. Bh4 c5 4. Nc3 Nc6 5. e3 cxd4 6. exd4 Qa5 7. Bb5 Bf5 8.
Nge2 e6 9. O-O Be7 10. Bxe7 Ngxe7 11. Ng3 O-O 12. Nxf5 Nxf5 13. Bxc6 bxc6 14.
Ne2 c5 15. c3 cxd4 16. Nxd4 Nxd4 17. Qxd4 Rfc8 18. Rfe1 Rab8 19. Re2 Rb3 20.
Qe5 Rb7 21. g3 Rcb8 22. c4 Qc7 23. Qxc7 Rxc7 24. cxd5 exd5 25. Rd1 Rd8 26. Red2
Rcd7 27. Rd4 h5 28. f4 g6 29. Kf2 Kg7 30. R1d3 Kf6 31. Ke3 Re7+ 32. Kd2 Rde8
33. Kc2 Re2+ 34. Rd2 Rc8+ 35. Kd1 Rxd2+ 36. Kxd2 Ke6 37. Ra4 Rc7 38. Kd3 Kd6
39. Kd4 Kc6 40. Ra3 Rd7 41. Rc3+ Kd6 42. Rc5 Ke6 43. b4 Rb7 44. a3 Rd7 45. b5
Rb7 46. a4 Rd7 47. h3 f6 48. g4 hxg4 49. hxg4 f5 50. g5 Rh7 51. Rc6+ Kd7 52.
Rxg6 Rh4 53. Kxd5 Rxf4  1-0

[Event "Liberec Open 2022 - A FIDE Open"]
[Site "Clarion Grandhotel Zlaty Lev, Liberec"]
[Date "2022.02.06"]
[Round "2"]
[Board "4"]
[White "Rosol, Alexander"]
[Black "Nemec, Pavel"]
[Result "1-0"]
[WhiteElo "1902"]
[BlackElo "2223"]
[PlyCount "79"]
[EventDate "2022.02.05"]
[EventRounds "9"]
[EventCountry "CZE"]

1. e4 c5 2. b4 cxb4 3. a3 e6 4. d4 d5 5. e5 Nc6 6. axb4 Bxb4+ 7. c3 Bf8 8. Bd3
Nge7 9. Ba3 Ng6 10. Bxf8 Kxf8 11. g3 f5 12. Na3 Nge7 13. Nb5 g6 14. h4 h6 15.
Nh3 Kg7 16. Qd2 Na5 17. Rb1 Bd7 18. Nd6 Bc6 19. Rg1 Nc8 20. Nf4 Qd7 21. g4 Nxd6
22. exd6 Kh7 23. gxf5 gxf5 24. Nh5 Rhf8 25. Rg7+ Qxg7 26. Nxg7 Kxg7 27. Qf4 Kh7
28. Ke2 Rg8 29. Re1 Nc4 30. Kf1 Bd7 31. Bxc4 dxc4 32. d5 Rg4 33. Qf3 Re8 34.
dxe6 Rxe6 35. Qxf5+ Rgg6 36. Re3 Kg8 37. h5 Rgf6 38. Qd5 Kf8 39. Rg3 Bc6 40. d7
 1-0

[Event "Liberec Open 2022 - A FIDE Open"]
[Site "Clarion Grandhotel Zlaty Lev, Liberec"]
[Date "2022.02.06"]
[Round "2"]
[Board "5"]
[White "Lajbl, Jan"]
[Black "Sadek, Vojtech"]
[Result "1-0"]
[WhiteElo "2218"]
[BlackElo "1872"]
[PlyCount "99"]
[EventDate "2022.02.05"]
[EventRounds "9"]
[EventCountry "CZE"]

1. d4 Nf6 2. c4 g6 3. Nc3 d5 4. g3 Bg7 5. Bg2 c6 6. cxd5 cxd5 7. Qb3 e6 8. Qa3
Nc6 9. Nb5 Bf8 10. Qd3 a6 11. Nc3 Nb4 12. Qd1 Qb6 13. Nf3 Bg7 14. O-O O-O 15.
Na4 Qd8 16. Ne5 Nd7 17. Nxd7 Bxd7 18. Nc5 Nc6 19. e3 b6 20. Nxd7 Qxd7 21. b3
Rfc8 22. Ba3 Bf8 23. Bxf8 Kxf8 24. Qd2 Qd6 25. Rfc1 Na5 26. Bf1 Nc6 27. Rc2 b5
28. a4 b4 29. Rac1 Ne7 30. Rc5 Rxc5 31. dxc5 Qb8 32. c6 Qb6 33. Qb2 Kg8 34. c7
h5 35. Qd4 Qxd4 36. exd4 Kf8 37. Bxa6 Rxa6 38. c8=Q+ Nxc8 39. Rxc8+ Ke7 40. Rb8
f6 41. Rxb4 e5 42. dxe5 fxe5 43. Rb5 Kd6 44. Kf1 g5 45. Ke2 g4 46. Kd2 e4 47.
Ke3 Ke5 48. Rb8 d4+ 49. Kd2 Rf6 50. Rb5+  1-0

[Event "Liberec Open 2022 - A FIDE Open"]
[Site "Clarion Grandhotel Zlaty Lev, Liberec"]
[Date "2022.02.06"]
[Round "2"]
[Board "6"]
[White "Pourquet, Matthieu"]
[Black "Bruhn, Peter"]
[Result "1-0"]
[WhiteElo "2197"]
[BlackElo "1839"]
[PlyCount "65"]
[EventDate "2022.02.05"]
[EventRounds "9"]
[EventCountry "CZE"]

1. c4 Nf6 2. Nc3 g6 3. e4 d6 4. d4 Bg7 5. f3 O-O 6. Bg5 c5 7. d5 e6 8. Qd2 h6
9. Be3 Na6 10. Nge2 exd5 11. cxd5 Bd7 12. Bxh6 Nxe4 13. Nxe4 Qh4+ 14. g3 Qxh6
15. Nf6+ Kh8 16. Qxh6+ Bxh6 17. Nxd7 Nb4 18. Kf2 Nd3+ 19. Kg2 Rfc8 20. Nf6 Bg7
21. Ne4 Rab8 22. h4 Kg8 23. h5 Bxb2 24. Rd1 c4 25. Nxd6 Rd8 26. Nxc4 b5 27.
Nxb2 Nxb2 28. Rd4 Nc4 29. hxg6 fxg6 30. Kf2 a5 31. Nf4 Ne5 32. Bh3 g5 33. Nd3
 1-0

[Event "Liberec Open 2022 - A FIDE Open"]
[Site "Clarion Grandhotel Zlaty Lev, Liberec"]
[Date "2022.02.06"]
[Round "2"]
[Board "7"]
[White "Peglau, Charis"]
[Black "Adrian, Claude"]
[Result "1-0"]
[WhiteElo "1874"]
[BlackElo "2186"]
[PlyCount "109"]
[EventDate "2022.02.05"]
[EventRounds "9"]
[EventCountry "CZE"]

1. d4 d5 2. Nf3 e6 3. e3 c5 4. c4 Nf6 5. Nc3 a6 6. b3 cxd4 7. Nxd4 Bb4 8. Bd2
O-O 9. Nc2 Bd6 10. cxd5 exd5 11. Be2 Nc6 12. O-O Bc7 13. Re1 Qd6 14. g3 Bh3 15.
Bf3 Ne5 16. Bg2 Qd7 17. Nd4 Rac8 18. Qe2 Rfe8 19. Rac1 Bb6 20. Nf3 Nc6 21. Qf1
Bxg2 22. Qxg2 h6 23. Red1 Qe6 24. Ne2 Red8 25. Bc3 Ne4 26. Nf4 Qf5 27. g4 Qh7
28. Nxd5 Nxc3 29. Rxc3 Rxd5 30. Rxd5 Qb1+ 31. Qf1 Qe4 32. Qd1 Qxg4+ 33. Kh1 Re8
34. Rc4 Re4 35. Rxe4 Qxe4 36. Kg1 g5 37. h3 Bc7 38. Kf1 Qe6 39. Kg2 Bb6 40. Rd6
Qc8 41. Qd5 g4 42. hxg4 Qxg4+ 43. Kf1 Ne7 44. Qxb7 Bc5 45. Qxe7 Bxd6 46. Qxd6
Qxf3 47. Qg3+ Qxg3 48. fxg3 Kf8 49. Ke2 Ke7 50. Kf3 Kd6 51. Ke4 Kc5 52. a3 Kd6
53. Kf5 Kd5 54. g4 a5 55. b4  1-0

[Event "Liberec Open 2022 - A FIDE Open"]
[Site "Clarion Grandhotel Zlaty Lev, Liberec"]
[Date "2022.02.06"]
[Round "2"]
[Board "8"]
[White "Soural, Jan"]
[Black "Lang, Simon"]
[Result "1-0"]
[WhiteElo "2176"]
[BlackElo "1812"]
[PlyCount "45"]
[EventDate "2022.02.05"]
[EventRounds "9"]
[EventCountry "CZE"]

1. Nf3 d5 2. g3 Nf6 3. Bg2 e6 4. O-O Be7 5. d4 O-O 6. c4 b6 7. cxd5 exd5 8. Nc3
Be6 9. Ne5 h6 10. Qa4 Qc8 11. Rd1 Rd8 12. b4 c6 13. b5 c5 14. Bb2 cxd4 15. Rxd4
Bc5 16. Rd2 Qc7 17. Rad1 Bxf2+ 18. Kxf2 Qxe5 19. Nxd5 Qf5+ 20. Qf4 Ng4+ 21. Kg1
Qh5 22. Ne7+ Kh7 23. Rxd8  1-0

[Event "Liberec Open 2022 - A FIDE Open"]
[Site "Clarion Grandhotel Zlaty Lev, Liberec"]
[Date "2022.02.06"]
[Round "2"]
[Board "9"]
[White "Bezdek, Tomas"]
[Black "Frick, Christoph"]
[Result "1-0"]
[WhiteElo "1855"]
[BlackElo "2151"]
[PlyCount "93"]
[EventDate "2022.02.05"]
[EventRounds "9"]
[EventCountry "CZE"]

1. e4 c6 2. Ne2 d5 3. e5 d4 4. Nf4 e6 5. c3 Bc5 6. Qg4 Kf8 7. Bc4 Nh6 8. Qf3
Qg5 9. Nd3 Bb6 10. cxd4 Nf5 11. h4 Nxh4 12. Qe4 Nf5 13. Nc5 Qd8 14. Nb3 Qg5 15.
g4 Ne7 16. Rh5 Qg6 17. Qe2 f5 18. exf6 Qxf6 19. d3 Nd5 20. Bxd5 cxd5 21. Bg5
Qf7 22. Rh3 Ke8 23. Nc3 Qd7 24. Bf4 a6 25. Bxb8 Rxb8 26. O-O-O Qc6 27. Rdh1 h6
28. g5 Bc7 29. Qh5+ Kd8 30. Qh4 h5 31. g6+ Ke8 32. Qg5 Rf8 33. Qxh5 Qd6 34. Qh7
Qe7 35. Re1 Bf4+ 36. Kb1 Qd7 37. Nc5 Qd6 38. Qxg7 b6 39. Qh7 e5 40. g7 Bxh3 41.
gxf8=Q+ Qxf8 42. Nxa6 Qf5 43. Qxf5 Bxf5 44. Nxb8 Bxd3+ 45. Ka1 Kf7 46. Nxd5 Bg5
47. Rxe5  1-0

[Event "Liberec Open 2022 - A FIDE Open"]
[Site "Clarion Grandhotel Zlaty Lev, Liberec"]
[Date "2022.02.06"]
[Round "2"]
[Board "10"]
[White "Adrian, Leopold"]
[Black "Westendorp, Christian"]
[Result "1-0"]
[WhiteElo "2144"]
[BlackElo "1807"]
[PlyCount "41"]
[EventDate "2022.02.05"]
[EventRounds "9"]
[EventCountry "CZE"]

1. Nf3 Nf6 2. c4 g6 3. d4 Bg7 4. g3 O-O 5. Bg2 c5 6. O-O cxd4 7. Nxd4 Nc6 8.
Nc2 d6 9. Nc3 a6 10. Re1 Ng4 11. Bd2 Qb6 12. e3 Nge5 13. b3 Nd3 14. Rf1 Nce5
15. h3 Bd7 16. Qe2 Nb2 17. Rab1 Ned3 18. Ne1 Nxe1 19. Rfxe1 Qb4 20. Nd5 Qa3 21.
Bc1  1-0

[Event "Liberec Open 2022 - A FIDE Open"]
[Site "Clarion Grandhotel Zlaty Lev, Liberec"]
[Date "2022.02.06"]
[Round "2"]
[Board "11"]
[White "Blazek, Tomas"]
[Black "Cakl, Zdenek"]
[Result "1/2-1/2"]
[WhiteElo "1823"]
[BlackElo "2118"]
[PlyCount "68"]
[EventDate "2022.02.05"]
[EventRounds "9"]
[EventCountry "CZE"]

1. e4 c5 2. Nf3 g6 3. d4 cxd4 4. Nxd4 Bg7 5. Be3 Nc6 6. c4 Nf6 7. Nc3 O-O 8.
Be2 d6 9. O-O Bd7 10. Qd2 Nxd4 11. Bxd4 Bc6 12. f3 a5 13. Rac1 Nd7 14. Bxg7
Kxg7 15. Qd4+ f6 16. f4 a4 17. Bg4 Nc5 18. Rfe1 e5 19. Qd2 Qb6 20. Kh1 Rad8 21.
f5 Qb4 22. Be2 Qb6 23. Bg4 Qc7 24. Re3 Qf7 25. Qe2 b6 26. Rd1 Rh8 27. Rh3 Qb7
28. Re3 Qf7 29. Rh3 Nb7 30. b3 axb3 31. axb3 Nc5 32. b4 Nb3 33. Qd3 Nd4 34. Ne2
Nxe2  1/2-1/2